| 000 | 00378nam a22001697a 4500 | ||
|---|---|---|---|
| 003 | SGT | ||
| 020 | _a9789392787133 | ||
| 082 |
_a615.3 _bH22S |
||
| 100 | _aSAVANUR, PRASANNA.V,ed. | ||
| 245 | _aA HANDBOOK OF AYURVEDA | ||
| 250 | _a1ST | ||
| 260 |
_aNEW DELHI _bS.S.BOOKS _c2022 |
||
| 300 | _a276 | ||
| 650 | _aAYURVEDA | ||
| 653 | _aHANDBOOK, AYURVEDA | ||
| 942 |
_2ddc _cBK _06 |
||
| 999 |
_c24614 _d24614 |
||